[Event "Groningen op"]
[Site "Groningen"]
[Date "1990.??.??"]
[Round "1"]
[White "Svidler, Peter"]
[Black "Delanoy, Arnaud"]
[Result "1/2-1/2"]
[WhiteElo "2430"]
[BlackElo "2260"]
[Annotator "Schussler,H"]
[PlyCount "45"]
[EventDate "1990.??.??"]
[EventType "swiss"]
[EventRounds "9"]
[EventCountry "NED"]
[SourceTitle "CBM 022"]
[Source "ChessBase"]
[SourceDate "1991.06.01"]
[SourceVersion "1"]
[SourceVersionDate "1991.06.01"]
[SourceQuality "1"]

1. e4 e5 2. Nf3 Nf6 3. Nc3 Bb4 4. Nxe5 O-O 5. Be2 d6 6. Nd3 Bxc3 7. dxc3 Nxe4
8. O-O Nc6 9. Nf4 Nf6 10. c4 Bf5 11. b3 Nb4 12. a3 $1 Nc6 {12. - Nxc2 13.Ra2 +
-} 13. Bb2 Re8 14. f3 Ne5 15. Qd2 Ng6 16. Nd3 d5 17. c5 Qe7 18. Rf2 Bxd3 19.
Bxd3 Qxc5 20. Bxf6 gxf6 21. f4 Re7 22. Raf1 Qe3 23. Bxg6 1/2-1/2

[Event "Groningen op"]
[Site "Groningen"]
[Date "1990.??.??"]
[Round "6"]
[White "Poldauf, Dirk"]
[Black "Svidler, Peter"]
[Result "1-0"]
[WhiteElo "2370"]
[BlackElo "2430"]
[Annotator "Ribli,Z"]
[PlyCount "63"]
[EventDate "1990.??.??"]
[EventType "swiss"]
[EventRounds "9"]
[EventCountry "NED"]
[SourceTitle "CBM 022"]
[Source "ChessBase"]
[SourceDate "1991.06.01"]
[SourceVersion "1"]
[SourceVersionDate "1991.06.01"]
[SourceQuality "1"]

1. c4 e5 2. Nc3 f5 3. Nf3 d6 4. d4 e4 5. Ng5 Nf6 6. e3 Be7 7. f3 exf3 8. Qxf3
O-O 9. Bd3 c6 $2 (9... g6) 10. Bxf5 Ne8 11. Ne6 $1 Bxe6 12. Bxe6+ Kh8 13. Qe2
$16 Nc7 14. Bg4 c5 15. dxc5 dxc5 16. Bf3 Nc6 17. O-O Bd6 18. Bd2 Ne5 19. Ne4
Nxf3+ 20. gxf3 $1 Be7 21. Bc3 Qe8 22. Rad1 Qc6 23. Qg2 Rf7 24. Kh1 Raf8 25. Rg1
Ne6 26. Rd5 Kg8 27. b3 g6 28. f4 Ng7 29. Ba1 Nf5 30. Qd2 Re8 31. Qc3 Rg7 32.
Rg2 $1 1-0

[Event "URS-ch U18"]
[Site "Almaty"]
[Date "1991.??.??"]
[Round "?"]
[White "Aleksandrov, Aleksej"]
[Black "Svidler, Peter"]
[Result "1-0"]
[WhiteElo "2370"]
[BlackElo "2480"]
[PlyCount "35"]
[EventDate "1991.??.??"]
[EventType "swiss"]
[EventRounds "11"]
[EventCountry "URS"]
[SourceTitle "TD"]
[Source "ChessBase"]
[SourceDate "1994.03.01"]
[SourceVersion "1"]
[SourceVersionDate "1994.03.01"]
[SourceQuality "1"]

1. d4 d5 2. c4 Bf5 3. cxd5 Bxb1 4. Rxb1 Qxd5 5. Qa4+ Nc6 6. e3 e5 7. b4 O-O-O
8. Nf3 exd4 9. Bb5 Nge7 10. O-O Kb8 11. Rd1 a6 12. Be2 Qe6 13. b5 axb5 14. Bxb5
g6 15. exd4 Bg7 16. Be3 b6 17. Bf4 Qe4 18. Bxc6 1-0

[Event "URS-ch U18"]
[Site "Almaty"]
[Date "1991.??.??"]
[Round "?"]
[White "Svidler, Peter"]
[Black "Orlov, Vassily"]
[Result "0-1"]
[WhiteElo "2480"]
[BlackElo "2245"]
[PlyCount "116"]
[EventDate "1991.??.??"]
[EventType "swiss"]
[EventRounds "11"]
[EventCountry "URS"]
[SourceTitle "TD"]
[Source "ChessBase"]
[SourceDate "1994.03.01"]
[SourceVersion "1"]
[SourceVersionDate "1994.03.01"]
[SourceQuality "1"]

1. e4 e5 2. Nf3 Nc6 3. Bc4 Nf6 4. d3 h6 5. Nbd2 d6 6. Bb3 g6 7. c3 Bg7 8. O-O
O-O 9. d4 Nh5 10. Nc4 Bg4 11. d5 Ne7 12. h3 Bd7 13. g4 Nf6 14. Qe2 Nh7 15. Nfd2
f5 16. f3 fxg4 17. fxg4 h5 18. Rxf8+ Qxf8 19. Nf1 Qf6 20. Nh2 Qh4 21. Kg2 hxg4
22. Nxg4 Rf8 23. Bd2 Bxg4 24. hxg4 Nf6 25. Rh1 Qxg4+ 26. Qxg4 Nxg4 27. Rh4 Nf2
28. Bg5 Bf6 29. Bxf6 Rxf6 30. Bc2 g5 31. Rh5 g4 32. Ne3 Nh3 33. Rh4 Rf2+ 34.
Kh1 Kf7 35. Nxg4 Rxc2 36. Rxh3 Rxb2 37. Rh7+ Kf8 38. Nf6 Rf2 39. Nh5 Rxa2 40.
Rh8+ Kf7 41. Rh7+ Kg6 42. Rxe7 Kxh5 43. Rxc7 Kg4 44. Rxb7 Kf3 45. Rd7 Ra6 46.
c4 Kxe4 47. Rc7 Kd4 48. Rc6 Rb6 49. Kg2 e4 50. Kg3 e3 51. c5 Rb1 52. Kf3 Rf1+
53. Ke2 Rf2+ 54. Ke1 Rh2 55. Rxd6 Kd3 56. Kf1 e2+ 57. Kg1 e1=Q+ 58. Kxh2 Qf2+
0-1

[Event "URS-ch U18"]
[Site "Almaty"]
[Date "1991.??.??"]
[Round "?"]
[White "Svidler, Peter"]
[Black "Zvjaginsev, Vadim"]
[Result "1-0"]
[WhiteElo "2480"]
[BlackElo "2405"]
[PlyCount "77"]
[EventDate "1991.??.??"]
[EventType "swiss"]
[EventRounds "11"]
[EventCountry "URS"]
[SourceTitle "TD"]
[Source "ChessBase"]
[SourceDate "1994.03.01"]
[SourceVersion "1"]
[SourceVersionDate "1994.03.01"]
[SourceQuality "1"]

1. e4 d6 2. d4 Nf6 3. Nc3 e5 4. dxe5 dxe5 5. Qxd8+ Kxd8 6. Bg5 Be6 7. O-O-O+
Nbd7 8. f4 exf4 9. Nf3 Be7 10. Bxf4 c6 11. Nd4 Bb4 12. e5 Bxc3 13. exf6 Bxd4
14. Rxd4 gxf6 15. Bd3 c5 16. Re4 Ke7 17. Rhe1 Nb6 18. Bg3 Rad8 19. Rh4 h5 20.
Be2 Rd4 21. Rxd4 cxd4 22. Bf2 h4 23. Bxd4 h3 24. g3 Nd7 25. Bf3 b6 26. Re3 Rc8
27. Be2 Kd6 28. Ra3 Rc7 29. g4 f5 30. Rd3 Ke7 31. g5 f4 32. Rf3 Kd6 33. Bf1 Ne5
34. Rxf4 Bxa2 35. Rf6+ Kd5 36. Bc3 Ng4 37. Rf5+ Ke6 38. Rf4 f5 39. gxf6 1-0

[Event "Dortmund op"]
[Site "Dortmund"]
[Date "1991.??.??"]
[Round "5"]
[White "Svidler, Peter"]
[Black "Georg, Heinz"]
[Result "1/2-1/2"]
[WhiteElo "2480"]
[BlackElo "2230"]
[PlyCount "37"]
[EventDate "1991.03.23"]
[EventType "swiss"]
[EventRounds "9"]
[EventCountry "GER"]
[SourceTitle "TD"]
[Source "ChessBase"]
[SourceDate "1994.03.01"]
[SourceVersion "1"]
[SourceVersionDate "1994.03.01"]
[SourceQuality "1"]

1. e4 e5 2. Nf3 Nc6 3. Nc3 Nf6 4. d4 exd4 5. Nd5 Nxd5 6. exd5 Bb4+ 7. Bd2 Qe7+
8. Qe2 Bxd2+ 9. Kxd2 Qxe2+ 10. Bxe2 Nb4 11. Rhe1 O-O 12. d6 c5 13. Bc4 g6 14.
Ne5 Kg7 15. a3 Nc6 16. Nxc6 dxc6 17. Re5 Bf5 18. Re7 b5 19. Bd3 1/2-1/2

[Event "Dortmund op"]
[Site "Dortmund"]
[Date "1991.??.??"]
[Round "6"]
[White "Grinfeld, Alla B"]
[Black "Svidler, Peter"]
[Result "0-1"]
[WhiteElo "2225"]
[BlackElo "2480"]
[PlyCount "80"]
[EventDate "1991.03.23"]
[EventType "swiss"]
[EventRounds "9"]
[EventCountry "GER"]
[SourceTitle "TD"]
[Source "ChessBase"]
[SourceDate "1994.03.01"]
[SourceVersion "1"]
[SourceVersionDate "1994.03.01"]
[SourceQuality "1"]

1. e4 e5 2. Nf3 Nc6 3. Nc3 Nf6 4. Bb5 Bb4 5. O-O O-O 6. d3 Bxc3 7. bxc3 d6 8.
Bxc6 bxc6 9. Rb1 Re8 10. Re1 h6 11. h3 Be6 12. c4 Nd7 13. Nh2 d5 14. cxd5 cxd5
15. exd5 Bxd5 16. a3 Bc6 17. Nf1 Re6 18. Ng3 Nf6 19. Bb2 Rb8 20. c4 Qe8 21. Bc3
Rd8 22. Qc2 Nd7 23. d4 exd4 24. Rxe6 Qxe6 25. Bxd4 h5 26. Qe2 Qg6 27. Re1 Nf8
28. Qe5 h4 29. Qxg7+ Qxg7 30. Bxg7 hxg3 31. Bc3 Rd3 32. Bb4 Ne6 33. fxg3 Rxg3
34. Re2 Nf4 35. Rd2 Bxg2 36. Kf2 Rf3+ 37. Kg1 Rf1+ 38. Kh2 Bc6 39. Rd8+ Kh7 40.
Kg3 Ne2+ 0-1

[Event "Dortmund op"]
[Site "Dortmund"]
[Date "1991.??.??"]
[Round "7"]
[White "Svidler, Peter"]
[Black "Martinez Forn, O."]
[Result "1-0"]
[WhiteElo "2480"]
[BlackElo "2295"]
[PlyCount "81"]
[EventDate "1991.03.23"]
[EventType "swiss"]
[EventRounds "9"]
[EventCountry "GER"]
[SourceTitle "TD"]
[Source "ChessBase"]
[SourceDate "1994.03.01"]
[SourceVersion "1"]
[SourceVersionDate "1994.03.01"]
[SourceQuality "1"]

1. e4 e6 2. d4 d5 3. Nd2 Nc6 4. Ngf3 Nf6 5. e5 Nd7 6. Bb5 a5 7. a4 Na7 8. Bd3
c5 9. c4 cxd4 10. cxd5 Nc5 11. Nc4 exd5 12. Na3 Be7 13. O-O Nc6 14. Nc2 Bg4 15.
Bb5 Ne6 16. h3 Bh5 17. g4 Bg6 18. Ncxd4 Nexd4 19. Nxd4 Rc8 20. Nf5 O-O 21. Bf4
Bxf5 22. gxf5 f6 23. e6 Bd6 24. Qd2 Bxf4 25. Qxf4 Ne7 26. Rac1 Qb6 27. Bd7 Rxc1
28. Rxc1 Qxb2 29. Rc7 Qb6 30. h4 Nxf5 31. Qxf5 Qxc7 32. e7 Qb8 33. Qxd5+ Kh8
34. Qxb7 g5 35. exf8=Q+ Qxf8 36. Bf5 Qg7 37. Qxg7+ Kxg7 38. h5 Kh6 39. Bg4 f5
40. Bxf5 Kxh5 41. Bxh7 1-0

[Event "Dortmund op"]
[Site "Dortmund"]
[Date "1991.??.??"]
[Round "9"]
[White "Svidler, Peter"]
[Black "Kupreichik, Viktor D"]
[Result "1/2-1/2"]
[WhiteElo "2480"]
[BlackElo "2460"]
[PlyCount "24"]
[EventDate "1991.03.23"]
[EventType "swiss"]
[EventRounds "9"]
[EventCountry "GER"]
[SourceTitle "TD"]
[Source "ChessBase"]
[SourceDate "1994.03.01"]
[SourceVersion "1"]
[SourceVersionDate "1994.03.01"]
[SourceQuality "1"]

1. d4 Nf6 2. Nf3 d5 3. e3 e6 4. Bd3 c5 5. c3 Nc6 6. Nbd2 Bd6 7. O-O O-O 8. dxc5
Bxc5 9. e4 Bb6 10. Qe2 h6 11. c4 Ng4 12. h3 Nge5 1/2-1/2

[Event "Arnold Cup"]
[Site "Gausdal"]
[Date "1991.??.??"]
[Round "1"]
[White "Svidler, Peter"]
[Black "Djurhuus, Rune"]
[Result "1-0"]
[WhiteElo "2480"]
[BlackElo "2400"]
[PlyCount "59"]
[EventDate "1991.04.??"]
[EventType "swiss"]
[EventRounds "9"]
[EventCountry "NOR"]
[SourceTitle "TD"]
[Source "ChessBase"]
[SourceDate "1994.03.01"]
[SourceVersion "1"]
[SourceVersionDate "1994.03.01"]
[SourceQuality "1"]

1. e4 e6 2. d4 d5 3. Nd2 Nf6 4. e5 Nfd7 5. c3 c5 6. Bd3 Nc6 7. Ne2 Qb6 8. Nf3
cxd4 9. cxd4 f6 10. exf6 Nxf6 11. O-O Bd6 12. Nc3 O-O 13. a3 Bd7 14. Be3 Qd8
15. Rc1 Be8 16. h3 Nh5 17. Ng5 Bb8 18. f4 Nxf4 19. Bxh7+ Kh8 20. Qg4 Qd6 21. g3
Ng6 22. Bxg6 Rxf1+ 23. Rxf1 Bxg6 24. Kg2 Nd8 25. Ne2 Qe7 26. Bf4 Kg8 27. Bxb8
Rxb8 28. Nf4 Bf5 29. Qh5 Rc8 30. Ng6 1-0

[Event "Arnold Cup"]
[Site "Gausdal"]
[Date "1991.??.??"]
[Round "2"]
[White "Shirov, Alexei"]
[Black "Svidler, Peter"]
[Result "1-0"]
[WhiteElo "2615"]
[BlackElo "2480"]
[PlyCount "61"]
[EventDate "1991.04.??"]
[EventType "swiss"]
[EventRounds "9"]
[EventCountry "NOR"]
[SourceTitle "TD"]
[Source "ChessBase"]
[SourceDate "1994.03.01"]
[SourceVersion "1"]
[SourceVersionDate "1994.03.01"]
[SourceQuality "1"]

1. d4 d5 2. c4 Bf5 3. Nc3 e6 4. Nf3 c6 5. Qb3 Qb6 6. c5 Qxb3 7. axb3 Na6 8. e4
Nb4 9. exf5 Nc2+ 10. Kd1 Nxa1 11. fxe6 fxe6 12. b4 a5 13. bxa5 Nb3 14. a6 Nxc1
15. axb7 Rb8 16. Kxc1 Rxb7 17. Bd3 g6 18. Re1 Bh6+ 19. Kc2 Ke7 20. b4 Nf6 21.
Ne5 Rc7 22. b5 cxb5 23. Nxb5 Rb7 24. Nc6+ Kd7 25. Ne5+ Ke7 26. Nd6 Rc7 27. Ndf7
Bg7 28. Nxh8 Bxh8 29. f4 Nd7 30. Ra1 Bf6 31. Ra8 1-0

[Event "Arnold Cup"]
[Site "Gausdal"]
[Date "1991.??.??"]
[Round "9"]
[White "Svidler, Peter"]
[Black "Hartman, Christer"]
[Result "1/2-1/2"]
[WhiteElo "2480"]
[BlackElo "2345"]
[PlyCount "30"]
[EventDate "1991.04.??"]
[EventType "swiss"]
[EventRounds "9"]
[EventCountry "NOR"]
[SourceTitle "TD"]
[Source "ChessBase"]
[SourceDate "1994.03.01"]
[SourceVersion "1"]
[SourceVersionDate "1994.03.01"]
[SourceQuality "1"]

1. d4 Nf6 2. Nf3 e6 3. e3 d5 4. Bd3 c5 5. c3 Nbd7 6. Nbd2 Be7 7. O-O O-O 8. Qe2
b6 9. e4 dxe4 10. Nxe4 Bb7 11. Nxf6+ Nxf6 12. dxc5 Bxc5 13. Bg5 Be7 14. Rad1
Qc7 15. Ne5 Rad8 1/2-1/2

[Event "Copenhagen op"]
[Site "Copenhagen"]
[Date "1991.??.??"]
[Round "1"]
[White "Peschardt, Soren"]
[Black "Svidler, Peter"]
[Result "0-1"]
[WhiteElo "2275"]
[BlackElo "2480"]
[PlyCount "80"]
[EventDate "1991.06.??"]
[EventType "swiss"]
[EventRounds "10"]
[EventCountry "DEN"]
[SourceTitle "TD"]
[Source "ChessBase"]
[SourceDate "1994.03.01"]
[SourceVersion "1"]
[SourceVersionDate "1994.03.01"]
[SourceQuality "1"]

1. e4 e5 2. Nf3 Nc6 3. Bb5 a6 4. Bxc6 dxc6 5. O-O f6 6. d4 exd4 7. Nxd4 c5 8.
Nb3 Qxd1 9. Rxd1 Bg4 10. f3 Be6 11. Nc3 c4 12. Nd4 Bf7 13. Be3 O-O-O 14. Nde2
Rxd1+ 15. Rxd1 Ne7 16. Nf4 Nc6 17. Nfd5 Nb4 18. Nxb4 Bxb4 19. Nd5 Rd8 20. a3
Bf8 21. Nc3 Rxd1+ 22. Nxd1 Kd7 23. Kf2 b5 24. f4 Bh5 25. Nc3 c5 26. Bd2 b4 27.
axb4 cxb4 28. Nd5 Bc5+ 29. Be3 Kc6 30. c3 a5 31. Ke1 Bg6 32. cxb4 axb4 33. f5
Bxf5 34. Bxc5 Kxc5 35. Nxf6 gxf6 36. exf5 Kd4 37. g4 Ke5 38. Kd2 Kf4 39. h3 h6
40. Ke2 Kg3 0-1

[Event "Copenhagen op"]
[Site "Copenhagen"]
[Date "1991.??.??"]
[Round "2"]
[White "Renman, Nils Gustaf"]
[Black "Svidler, Peter"]
[Result "0-1"]
[WhiteElo "2395"]
[BlackElo "2480"]
[PlyCount "56"]
[EventDate "1991.06.??"]
[EventType "swiss"]
[EventRounds "10"]
[EventCountry "DEN"]
[SourceTitle "TD"]
[Source "ChessBase"]
[SourceDate "1994.03.01"]
[SourceVersion "1"]
[SourceVersionDate "1994.03.01"]
[SourceQuality "1"]

1. d4 Nf6 2. Nf3 g6 3. c4 Bg7 4. Nc3 d5 5. Bg5 Ne4 6. cxd5 Nxg5 7. Nxg5 e6 8.
Qd2 h6 9. Nh3 exd5 10. Nf4 O-O 11. e3 c5 12. dxc5 d4 13. exd4 Qxd4 14. Qxd4
Bxd4 15. Bc4 Re8+ 16. Kd2 Na6 17. Rae1 Rd8 18. Kc1 Kf8 19. Rd1 Bg4 20. f3 Be3+
21. Kb1 Bf5+ 22. Nd3 Nxc5 23. Kc2 h5 24. Rhe1 Rd4 25. b3 Bh6 26. Ne2 Rad8 27.
Nec1 Bxc1 28. Kxc1 Nxd3+ 0-1

[Event "Copenhagen op"]
[Site "Copenhagen"]
[Date "1991.??.??"]
[Round "3"]
[White "Svidler, Peter"]
[Black "Borge, Nikolaj"]
[Result "1-0"]
[WhiteElo "2480"]
[BlackElo "2300"]
[PlyCount "71"]
[EventDate "1991.06.??"]
[EventType "swiss"]
[EventRounds "10"]
[EventCountry "DEN"]
[SourceTitle "TD"]
[Source "ChessBase"]
[SourceDate "1994.03.01"]
[SourceVersion "1"]
[SourceVersionDate "1994.03.01"]
[SourceQuality "1"]

1. e4 c5 2. Nf3 d6 3. d4 cxd4 4. Nxd4 Nf6 5. Nc3 g6 6. g3 Bg7 7. Bg2 O-O 8. O-O
Nc6 9. Nde2 Be6 10. Nf4 Bc4 11. Re1 e5 12. Nfd5 Nxd5 13. Nxd5 f5 14. b3 Ba6 15.
Ba3 f4 16. c3 Qd7 17. Nb4 Nxb4 18. Bxb4 Rad8 19. Qd5+ Kh8 20. c4 b5 21. Rad1
fxg3 22. hxg3 Rf6 23. c5 Bb7 24. Qd3 Bf8 25. Bc3 Rf7 26. cxd6 Qe8 27. f4 Bg7
28. Bxe5 Bxe5 29. fxe5 Kg8 30. Qd4 Qe6 31. Rf1 Qg4 32. Rxf7 Kxf7 33. Rf1+ Kg8
34. Qf2 Rc8 35. Qf7+ Kh8 36. d7 1-0

[Event "Copenhagen op"]
[Site "Copenhagen"]
[Date "1991.??.??"]
[Round "5"]
[White "Svidler, Peter"]
[Black "Ernst, Thomas"]
[Result "1/2-1/2"]
[WhiteElo "2480"]
[BlackElo "2500"]
[PlyCount "85"]
[EventDate "1991.06.??"]
[EventType "swiss"]
[EventRounds "10"]
[EventCountry "DEN"]
[SourceTitle "TD"]
[Source "ChessBase"]
[SourceDate "1994.03.01"]
[SourceVersion "1"]
[SourceVersionDate "1994.03.01"]
[SourceQuality "1"]

1. e4 c5 2. Nf3 d6 3. d4 cxd4 4. Qxd4 Nc6 5. Bb5 Bd7 6. Bxc6 Bxc6 7. Nc3 Nf6 8.
Bg5 e6 9. O-O-O Be7 10. Rhe1 O-O 11. Qd3 Qc7 12. Nd4 Rfd8 13. f3 a6 14. h4 Rac8
15. Kb1 b5 16. Nxc6 Qxc6 17. Ne2 h6 18. Nd4 Qc7 19. Bc1 d5 20. e5 Nd7 21. f4
Bxh4 22. Rh1 Bf2 23. Qe2 Bxd4 24. Rxd4 Nc5 25. g4 Ne4 26. Qh2 Kf8 27. a3 Ke7
28. Re1 Qa5 29. Qh4+ Ke8 30. f5 Rc4 31. Rxc4 bxc4 32. fxe6 fxe6 33. Rf1 Qb6 34.
Qh5+ Kd7 35. Qf7+ Kc8 36. Qxg7 d4 37. Qg6 Nc5 38. Qxh6 d3 39. cxd3 Qb3 40. Rf8
Qxd3+ 41. Ka2 Qd5 42. Rxd8+ Kxd8 43. Qd2 1/2-1/2

[Event "Copenhagen op"]
[Site "Copenhagen"]
[Date "1991.??.??"]
[Round "7"]
[White "Svidler, Peter"]
[Black "Piskov, Yury"]
[Result "1/2-1/2"]
[WhiteElo "2480"]
[BlackElo "2440"]
[PlyCount "26"]
[EventDate "1991.06.??"]
[EventType "swiss"]
[EventRounds "10"]
[EventCountry "DEN"]
[SourceTitle "TD"]
[Source "ChessBase"]
[SourceDate "1994.03.01"]
[SourceVersion "1"]
[SourceVersionDate "1994.03.01"]
[SourceQuality "1"]

1. e4 e6 2. d4 d5 3. Nd2 c5 4. Ngf3 Nf6 5. exd5 exd5 6. Bb5+ Bd7 7. Bxd7+ Nbxd7
8. O-O Be7 9. dxc5 Nxc5 10. Nb3 Nce4 11. Nfd4 Qd7 12. Qf3 O-O 13. Nf5 Bd8
1/2-1/2

[Event "Copenhagen op"]
[Site "Copenhagen"]
[Date "1991.??.??"]
[Round "9"]
[White "Svidler, Peter"]
[Black "Holst, Allan"]
[Result "1-0"]
[WhiteElo "2480"]
[BlackElo "2300"]
[PlyCount "41"]
[EventDate "1991.06.??"]
[EventType "swiss"]
[EventRounds "10"]
[EventCountry "DEN"]
[SourceTitle "TD"]
[Source "ChessBase"]
[SourceDate "1994.03.01"]
[SourceVersion "1"]
[SourceVersionDate "1994.03.01"]
[SourceQuality "1"]

1. e4 c5 2. Nf3 d6 3. Nc3 Nf6 4. d4 cxd4 5. Nxd4 a6 6. f4 e6 7. Bd3 Qc7 8. O-O
Nc6 9. Nf3 Be7 10. Kh1 O-O 11. Qe1 Nd7 12. Qg3 Nc5 13. f5 Kh8 14. fxe6 fxe6 15.
Bg5 b5 16. e5 dxe5 17. Bxh7 Kxh7 18. Bxe7 Rxf3 19. Rxf3 Qxe7 20. Raf1 Kg8 21.
Qg6 1-0

[Event "Copenhagen op"]
[Site "Copenhagen"]
[Date "1991.??.??"]
[Round "10"]
[White "Bator, Robert"]
[Black "Svidler, Peter"]
[Result "0-1"]
[WhiteElo "2355"]
[BlackElo "2480"]
[PlyCount "68"]
[EventDate "1991.06.??"]
[EventType "swiss"]
[EventRounds "10"]
[EventCountry "DEN"]
[SourceTitle "TD"]
[Source "ChessBase"]
[SourceDate "1994.03.01"]
[SourceVersion "1"]
[SourceVersionDate "1994.03.01"]
[SourceQuality "1"]

1. d4 Nf6 2. c4 e5 3. dxe5 Ng4 4. Nf3 Bc5 5. e3 Nc6 6. Be2 O-O 7. O-O Re8 8.
Nc3 Ncxe5 9. Nxe5 Nxe5 10. b3 a5 11. Ne4 Bf8 12. c5 Qh4 13. f4 Nc6 14. Ng5 Nd8
15. Rf3 Bxc5 16. Bd3 d6 17. Bxh7+ Kf8 18. Qf1 Bg4 19. Rg3 g6 20. Bd2 Ne6 21.
Nxf7 Qxh7 22. Nxd6 cxd6 23. Rxg4 Ng7 24. Qd3 Nf5 25. Re1 Re6 26. Kh1 Rae8 27.
e4 Qe7 28. Rf1 Rxe4 29. Rxg6 Qf7 30. Rg5 Ne3 31. Rf3 Rd4 32. Qc3 Qh7 33. Rxc5
Qb1+ 34. Be1 Nd5 0-1

[Event "Peer Gynt"]
[Site "Gausdal"]
[Date "1991.??.??"]
[Round "5"]
[White "Svidler, Peter"]
[Black "Ernst, Thomas"]
[Result "1/2-1/2"]
[WhiteElo "2460"]
[BlackElo "2525"]
[PlyCount "80"]
[EventDate "1991.07.??"]
[EventType "swiss"]
[EventRounds "9"]
[EventCountry "NOR"]
[SourceTitle "TD"]
[Source "ChessBase"]
[SourceDate "1994.03.01"]
[SourceVersion "1"]
[SourceVersionDate "1994.03.01"]
[SourceQuality "1"]

1. e4 e5 2. Nf3 Nc6 3. Bc4 Bc5 4. c3 Nf6 5. d3 O-O 6. Nbd2 a6 7. Bb3 d5 8. exd5
Nxd5 9. O-O Bg4 10. h3 Bh5 11. Ne4 Ba7 12. Re1 f6 13. Be3 Bxe3 14. fxe3 Bf7 15.
Qd2 h6 16. d4 f5 17. Nc5 e4 18. Ne5 Nxe5 19. dxe5 Ne7 20. Qxd8 Raxd8 21. e6 Bh5
22. Nxb7 Rd2 23. Na5 Rxb2 24. Nc4 Re2 25. Rf1 Rf6 26. Rf2 Rf8 27. Rff1 Rf6 28.
Rfe1 Rf8 29. Red1 Ng6 30. Rd7 Kh7 31. Rf1 Nh4 32. Rf2 Re1+ 33. Kh2 Re8 34. Kg3
Nxg2 35. Rxf5 Rxe6 36. Rxh5 Rg6+ 37. Kf2 Rf6+ 38. Kxg2 Re2+ 39. Kg3 Rf3+ 40.
Kh4 Rh2 1/2-1/2

[Event "Peer Gynt"]
[Site "Gausdal"]
[Date "1991.??.??"]
[Round "7"]
[White "Svidler, Peter"]
[Black "Kraidman, Yair"]
[Result "1/2-1/2"]
[WhiteElo "2460"]
[BlackElo "2420"]
[PlyCount "61"]
[EventDate "1991.07.??"]
[EventType "swiss"]
[EventRounds "9"]
[EventCountry "NOR"]
[SourceTitle "TD"]
[Source "ChessBase"]
[SourceDate "1994.03.01"]
[SourceVersion "1"]
[SourceVersionDate "1994.03.01"]
[SourceQuality "1"]

1. e4 e5 2. Nf3 Nc6 3. Bc4 Bc5 4. c3 Nf6 5. d3 d6 6. Nbd2 O-O 7. O-O Bb6 8. Bb3
Qe7 9. Nc4 Be6 10. Bg5 h6 11. Bh4 Na5 12. Nxb6 axb6 13. Bc2 Nc6 14. a3 Bg4 15.
h3 Bh5 16. Qe2 g5 17. Bg3 Nd8 18. d4 exd4 19. cxd4 Ne6 20. Rad1 Rad8 21. d5 Nc5
22. Rfe1 Ncd7 23. Qe3 Rfe8 24. Rc1 Bxf3 25. Qxf3 Ne5 26. Qc3 Rc8 27. f4 Ng6 28.
fxg5 hxg5 29. e5 Nxd5 30. Qc4 Ndf4 31. Bxf4 1/2-1/2

[Event "Peer Gynt"]
[Site "Gausdal"]
[Date "1991.??.??"]
[Round "8"]
[White "Svidler, Peter"]
[Black "Arkhipov, Sergey"]
[Result "1-0"]
[WhiteElo "2460"]
[BlackElo "2510"]
[PlyCount "73"]
[EventDate "1991.07.??"]
[EventType "swiss"]
[EventRounds "9"]
[EventCountry "NOR"]
[SourceTitle "TD"]
[Source "ChessBase"]
[SourceDate "1994.03.01"]
[SourceVersion "1"]
[SourceVersionDate "1994.03.01"]
[SourceQuality "1"]

1. e4 e6 2. d4 d5 3. Nd2 Nf6 4. e5 Nfd7 5. c3 c5 6. Bd3 Nc6 7. Ne2 cxd4 8. cxd4
Qb6 9. O-O Nxd4 10. Nxd4 Qxd4 11. Nf3 Qb6 12. Qa4 Qb4 13. Qc2 Qc5 14. Qe2 h6
15. Be3 Qa5 16. Nd4 Be7 17. Qg4 g6 18. f4 Nc5 19. Bxg6 fxg6 20. Qxg6+ Kd8 21.
f5 exf5 22. e6 Qa6 23. Rad1 Bxe6 24. Nxf5 Rg8 25. Qh7 Bf8 26. Nxh6 Bxh6 27.
Qxh6 Ne4 28. Rf8+ Ke7 29. Rxa8 Rxa8 30. Qh4+ Kd7 31. Qh7+ Kc6 32. Rc1+ Kb5 33.
a4+ Ka5 34. Qc7+ b6 35. b4+ Kxb4 36. Rb1+ Ka5 37. Bd2+ 1-0

[Event "Gausdal Int"]
[Site "Gausdal"]
[Date "1991.??.??"]
[Round "4"]
[White "Svidler, Peter"]
[Black "Steingrimsson, Hedinn"]
[Result "1-0"]
[WhiteElo "2460"]
[BlackElo "2505"]
[PlyCount "71"]
[EventDate "1991.08.??"]
[EventType "swiss"]
[EventRounds "9"]
[EventCountry "NOR"]
[SourceTitle "CBM 025"]
[Source "ChessBase"]
[SourceDate "1991.12.01"]
[SourceVersion "1"]
[SourceVersionDate "1991.12.01"]
[SourceQuality "1"]

1. e4 e5 2. Nf3 Nc6 3. Bc4 Bc5 4. c3 Nf6 5. d3 a6 6. Nbd2 O-O 7. Bb3 Ba7 8. O-O
d5 9. exd5 Nxd5 10. Nc4 Re8 11. Re1 Qf6 12. d4 e4 13. Ncd2 Bf5 14. Bxd5 exf3
15. Bxf3 Nxd4 16. cxd4 Qxd4 17. Rf1 Rad8 18. h3 Rd6 19. Bg4 Bd3 20. Nf3 Qc5 21.
Bf4 Rd5 22. Be3 Rxe3 23. fxe3 h5 24. Bc8 Bf5 25. Nd4 Bxc8 26. Qf3 Rd7 27. Nf5
g6 28. Nh6+ Kf8 29. Rae1 f5 30. Qg3 Rd6 31. Kh1 Kg7 32. Rc1 Qb6 33. Nxf5+ Bxf5
34. Rxf5 Qxe3 35. Rxc7+ Kh6 36. Rxh5+ 1-0

[Event "Oviedo rapid45"]
[Site "Oviedo"]
[Date "1992.??.??"]
[Round "4"]
[White "Svidler, Peter"]
[Black "Markzon, Gregory"]
[Result "1-0"]
[WhiteElo "2465"]
[BlackElo "2275"]
[PlyCount "63"]
[EventDate "1992.??.??"]
[EventType "swiss (rapid)"]
[EventRounds "11"]
[EventCountry "ESP"]
[SourceTitle "TD"]
[Source "ChessBase"]
[SourceDate "1994.03.01"]
[SourceVersion "1"]
[SourceVersionDate "1994.03.01"]
[SourceQuality "1"]

1. e4 e6 2. d4 d5 3. Nd2 Nf6 4. e5 Nfd7 5. c3 c5 6. Bd3 Nc6 7. Ne2 cxd4 8. cxd4
f6 9. exf6 Nxf6 10. O-O Bd6 11. f4 O-O 12. Nf3 h6 13. Kh1 b6 14. a3 a5 15. Nc3
Bd7 16. Bc2 Ne7 17. Ne5 Rc8 18. Bd3 Be8 19. Be3 Nf5 20. Bg1 b5 21. g4 b4 22.
axb4 axb4 23. Ne2 Nh4 24. Qe1 Ne4 25. Ng3 Bxe5 26. dxe5 Ng6 27. Ne2 Qe7 28. Ra7
Rc7 29. Rxc7 Qxc7 30. Be3 Nc5 31. Bb1 Bb5 32. Bxg6 1-0